000 nam a22 7a 4500
999 _c10767
_d10767
008 180223b ||||| |||| 00| 0 eng d
100 _aCBSE
_96612
245 _aGoyals CBSE Sample Papers-X Science
260 _aNew Delhi
_bGoyal
_c2012